| 000 | 00609nam a2200217 a 4500 | ||
|---|---|---|---|
| 001 | BRCA_7838 | ||
| 005 | 20190320210022.0 | ||
| 008 | 040614s1966----uk-ao##f##---#001-0#eng-# | ||
| 041 | _aeng | ||
| 044 | _aenk | ||
| 050 | 4 |
_aSB413 _b.C37 1966 |
|
| 245 | 1 | 0 |
_aThe carnation _byearbook 1966. _cBritish National Carnation Society |
| 260 |
_aSussex, Inglaterra _bBNCS _c1966 |
||
| 300 |
_a107 p. _bil., fotos _c21 cm. |
||
| 500 | _aY47 | ||
| 610 | 2 | 4 |
_aBritish National Carnation Society _919405 |
| 650 | 1 | 4 |
_aClaveles _vCatálogos _918645 |
| 650 | 1 | 4 |
_aClaveles _vCuidados _918646 |
| 902 | _aGFM | ||
| 942 |
_2lcc _cB |
||
| 999 |
_c7512 _d7512 |
||